000 00343nam a2200157Ia 4500
001 28245
003 IN-NITTTR
005 20251114233350.0
008 251113s9999||||xx |||||||||||||| ||eng||
040 _beng
040 _cIN-NITTTR
041 _aeng
082 _a782.420954 A81C H
245 0 _aChune hue rastriya geet /
942 _2ddc
_cBK
999 _c30873
_d30873